LEADER 01292nam0-22003971i-450- 001 990005514100203316 005 20040209120000.0 035 $a000551410 035 $aUSA01000551410 035 $a(ALEPH)000551410USA01 035 $a000551410 100 $a20040209d2002-------|0itac50------ba 101 $aita 102 $aIT 105 $a|||| ||||| 200 1 $a<> presidi residenziali socio-assistenziali$el'assistenza residenziale a bambini, ragazzi, adulti e anziani. Anno 1999$fIstat 210 $aRoma$cIstat$d2002 215 $a136 p.$cill.$d20 cm 225 2$aArgomenti /Istat. - Roma$v23 311 $a2002$9USA5023 410 0$12001$aArgomenti /Istat. - Roma$v23 620 $dRoma 676 $a361.610945$cProblemi sociali e assistenza sociale. Politica sociale. Italia$v21 710 02$aIstituto centrale di statistica$0374421 712 $aistat 801 $aIT$bSOL$c20120104 912 $a990005514100203316 950 $aDIP.TO SCIENZE ECONOMICHE - (SA)$dDS 300 361.610945 ist$essn629 DISES 951 $a300 361.610945 ist$b629 DISES 959 $aBK 969 $aDISES 979 $c20121027$lUSA01$h1532 979 $c20121027$lUSA01$h1613 996 $aPresidi residenziali socio-assistenziali$9473112 997 $aUNISA NUM $aUSA12584 LEADER 01407nam 2200385 a 450 001 9910694860503321 005 20060309152043.0 035 $a(CKB)5470000002365104 035 $a(OCoLC)64583936 035 $a(EXLCZ)995470000002365104 100 $a20060309d2005 ua 0 101 0 $aeng 135 $aurmn|---||||| 181 $ctxt$2rdacontent 182 $cc$2rdamedia 183 $acr$2rdacarrier 200 10$aElections$b[electronic resource] $eviews of selected local election officials on managing voter registration and ensuring eligible citizens can vote : report to congressional requesters 210 1$a[Washington, D.C.] :$cU.S. Government Accountability Office,$d[2005] 215 $aiii, 114 pages $cdigital, PDF file 300 $aTitle from title screen (viewed on Jan. 17, 2006). 300 $a"September 2005." 300 $aPaper version available from: U.S. Government Accountability Office, 441 G St., NW, Rm. LM, Washington, D.C. 20548. 300 $a"GAO-05-997." 320 $aIncludes bibliographical references. 517 $aElections 606 $aVoter registration$zUnited States$xStates 606 $aElections$zUnited States$xStates 615 0$aVoter registration$xStates. 615 0$aElections$xStates. 801 0$bGPO 801 1$bGPO 906 $aBOOK 912 $a9910694860503321 996 $aElections$92953379 997 $aUNINA